000 03740nam a2200421 a 4500
001 000001987
003 DO-SdBPM
005 20260225075221.0
007 ta
008 090630s2007 dr 000 0 spa d
020 _a9789945162059
040 _aDO-SdBPM
_bspa
_cBPMSU
_drda
082 0 4 _a791.43
_bV439m 2007
_222
100 _aVelleggia, Susana
_eautor
_4aut.
245 1 3 _aLa máquina de la mirada :
_blos movimientos cinematográficos de ruptura y el cine político latinoamericano en las encrucijadas de la historia /
_cSusana Villeggia ; edición Yaíma García Oramas.
260 _c
264 _aSanto Domingo :
_bFundación del Nuevo Cine Latinoamericano,
_c2007
300 _a410 páginas ;
_c24 cm.
336 _atexto
_btxt
_2rdacontent
337 _asin mediación
_bn
_2rdamedia
338 _avolumen
_bnc
_2rdacarrier
500 _aIncluye referencias bibliográficas y notas al pie de las páginas
504 _aBibliografía : páginas 227-265
505 0 _aPalabras preliminares / Pedro Rivera, 5.-- Introducción, 11.-- El cine, de juguete maravilloso a industria, 23.-- Del imaginario a la imagen en movimiento, 25.-- Cine e imaginario moderno, 33.-- Cine y metrópoli, 40.-- La dimensión histórica del cine, 43.-- Cine y cambio social, 48.-- De las vanguardias artísticas a las masas, 48.-- Del poder de la imagen al poder del imaginario, 56.-- De la impronta de la realidad al mito del realismo absoluto. El cine en los conflictos de la historia, 63.-- La preocupación humana por el sentido de la realidad y el arte realista, 65.-- Entre la prudencia de la razón y la desmesura del realismo, 68.-- La obsesión por el realismo absoluto en el cine, 70.-- La ficción realista del conflicto y los nuevos verosímiles, 73.-- La industria descubre que la realidad es redituable, 73.-- El cine soviético clásico y el ideal de realismo revolucionario, 75.-- La problematización del realismo de la mano de los movimientos de ruptura, 83.-- El neorrealismo italiano. La realidad histórica como historia fílmica, 89.-- El cine de autor francés, crisis de la conciencia individual y crisis del sentido del mundo, 101.-- Las imágenes buscan su imaginario en los conflictos de la historia, 115.-- El documental: continuidades y rupturas, 117.-- Los precursores, 117.-- El cine político y el cine político-militante, una aproximación conceptual, 129.-- La negación del verosímil fílmico por la apetencia de verdad, 136.-- Aires de renovación en las pantallas del mundo, los "nuevos cines", 143.-- Los movimientos contra-culturales de los 60, 143.-- Nuevos cines y cambio tecnológico: las paradojas de la historia, 146.-- Una misión peligrosa: el cine de intervención política en América Latina, 171.-- Punto de partida, 173.-- Los primeros pasos, 180.-- El cine latinoamericano en la búsqueda de su propia historia, 181.-- Principales aportes de la teoría del cine en América Latina, 189.-- Los conceptos de cine en juego, 200.-- Epilogo, 251.-- Bibliografía, 257.-- Anexos. Documentos del cine político latinoamericano (1967-1977), 267.
586 _aPremio de Ensayo Sobre Cine Iberoamericano y el Caribe, 2007
590 _aInventariado, 2026/VM
650 7 _aCinematografía
_x Historia
_zAmérica Látina
650 7 _aCine
_zAmérica Látina
_xAspectos políticos
650 4 _aCine
_zAmérica Látina
_xAspectos sociales
650 7 _aIndustria cinematográfica
650 z _a Motion picture industry
650 z _aMoving-picture industry
650 z _aMoving-picture industry
700 1 _aGarcía Oramas, Yaíma,
_eeditor
710 1 _aRepública Dominicana.
_bSecretaría de Estado de Cultura.
910 _aVMateo V. Control de calidad. BPMSU
942 _2ddc
_cBK
999 _c15732
_d15732